[Event "Porticcio op 6th"]
[Site "Porticcio"]
[Date "2005.03.??"]
[Round "5"]
[White "Bettini, Laura"]
[Black "Geronimi, Pierre Francois"]
[Result "0-1"]
[WhiteElo "1270"]
[BlackElo "1720"]
[PlyCount "42"]
[EventDate "2005.03.??"]
[EventType "swiss"]
[EventRounds "7"]
[EventCountry "FRA"]
[SourceTitle "EXT 2007"]
[Source "ChessBase"]
[SourceDate "2006.11.23"]
[SourceVersion "1"]
[SourceVersionDate "2006.11.23"]
[SourceQuality "1"]

1. e4 e5 2. Nf3 Nc6 3. Bc4 Bc5 4. d3 d6 5. Bg5 f6 6. Be3 Bxe3 7. fxe3 Bd7 8. d4 f5 9. Nc3 Nf6 10. Qd3 Nb4 11. Qd2 fxe4 12. Ng5 d5 13. a3 exd4 14. Qxd4 Nxc2+ 15. Kd1 Nxd4 16. exd4 dxc4 17. Rf1 h6 18. Nh3 Bg4+ 19. Kc1 Qxd4 20. Kb1 0-0-0 21. Rd1 Bxd1 0-1